• 首页
  • 本馆介绍
  • 公告通知
  • 最新文献
  • 馆藏检索
  • 电子资源
  • 读者导购
  • 参考咨询
  • 我的图书馆
  • 登录
  • 详细信息显示
  • 放入我的书架
  • 预约/预借图书
  • 作者相关作品
  • 分类相关作品
  • 丛书相关作品
  • 出版社相关作品

书目信息

  • 表格格式
  • 工作单格式
  • 卡片格式
题名:
古希腊文明读本
    
 
作者: 姜秋华 编著
分册:  
出版信息: 北京   中国档案出版社  2006
页数: 156页
开本: 21cm
丛书名: 世界文明之旅
单 册:
中图分类: K125
科图分类:
主题词: 文化史--古希腊 , 文化史
电子资源:
ISBN: 7-80166-522-8
000 00864oam2 2200277 45
001 01012006061501
005 20070116160940.14
010    @a7-80166-522-8@dCNY258.00(全10册)
092    @aCN@b496489
100    @a20060615d2006 em y0chiy0121 ea
101 0  @achi
102    @aCN@b110000
105    @aa z 000yy
200 1  @a古希腊文明读本@Agu xi la wen ming du ben@f姜秋华编著@Fjiang qiu hua bian zhu
210    @a北京@c中国档案出版社@d2006
215    @a156页@c图@d21cm
225 2  @a世界文明之旅
320    @a有书目
330    @a本书内容包括:古希腊的光辉岁月、古希腊神话故事、古希腊战争故事、古希腊哲学、古希腊史学、古希腊科技与文化等。
461  0 @12001 @a世界文明之旅
606 0  @a文化史@y古希腊
606 0  @a文化史
690    @aK125@v4
701  0 @a姜秋华@Ajiang qiu hua@4编著
801  0 @aCN@bLZJBOOK@c20070116
905    @a10447@dK125@e160
    
    古希腊文明读本/姜秋华编著.-北京:中国档案出版社,2006
    156页:图;21cm.-(世界文明之旅)
    
    
    ISBN 7-80166-522-8:CNY258.00(全10册)
    本书内容包括:古希腊的光辉岁月、古希腊神话故事、古希腊战争故事、古希腊哲学、古希腊史学、古希腊科技与文化等。
●
相关链接 在E读中查询图书 在五车中查询图书 在当当中查询图书 在豆瓣中查询图书


正题名:古希腊文明读本     索取号:K125/160         预约/预借

序号 登录号 条形码 馆藏地/架位号 状态 备注
1 0567715   205677150   第二样本阅览室/ [索取号:K125/160] 在馆    
2 0567716   205677169   第二借阅区/ [索取号:K125/160] 在馆    
3 0567717   205677178   第二借阅区/ [索取号:K125/160] 在馆    
4 0567718   205677187   第二借阅区/ [索取号:K125/160] 在馆    
5 0567719   205677196   第二借阅区/ [索取号:K125/160] 在馆    
6 0567720   205677203   第二借阅区/ [索取号:K125/160] 在馆    
7 0567721   205677212   第二借阅区/ [索取号:K125/160] 在馆    
8 0567722   205677221   第二借阅区/ [索取号:K125/160] 在馆    
唐山师范学院图书馆 欢迎您!
大连网信软件有限公司© 版权所有